|
|
|
|
| LEADER |
00000ckm a2200000 a 4500 |
| 001 |
vtls001210122 |
| 003 |
SK-MaSNL |
| 005 |
20260331203818.0 |
| 007 |
kf co |
| 008 |
231120s1990 xo g 0kuslo |
| 015 |
|
|
|a SNBG1990
|
| 035 |
|
|
|a SNK000153192
|
| 035 |
|
|
|a urn:nbn:sk:snk-km3luz0
|
| 035 |
|
|
|a 2209FB3B-0992-4C9C-B0E7-2F5402E18E22
|
| 035 |
|
|
|a urn:nbn:sk:snk-km00dsy3
|
| 040 |
|
|
|a SNK
|b slo
|c SNK
|e AACR2
|
| 041 |
0 |
|
|a slo
|
| 043 |
|
|
|a e-xo---
|
| 044 |
|
|
|a xo
|c SK
|
| 072 |
|
7 |
|a 913
|x Regionálna geografia
|2 konspekt
|
| 080 |
|
|
|a 913(437.6)
|2 2011
|
| 080 |
|
|
|a 314.12
|2 2011
|
| 080 |
|
|
|a 69.056.52
|2 2011
|
| 080 |
|
|
|a (084.121)
|2 2011
|
| 100 |
1 |
|
|a Lorenc, František
|c (fotograf)
|4 pht
|9 177742
|
| 245 |
1 |
0 |
|a Turzovka
|h grafika
|c foto František Lorenc
|
| 246 |
1 |
|
|i Názov na adresnej časti:
|a Turzovka
|
| 260 |
|
|
|a Bratislava
|b Pravda
|c 1990
|
| 300 |
|
|
|a 1 pohľadnica (4 čiastkové pohľady)
|b farebná
|c 11 x 15 cm
|
| 500 |
|
|
|a Na adresnej časti pohľadnice uvedené: " Turzovka v údolí Kysuce, sídlo významných priemyselných závodov. Rodisko spisovateľa Rudolfa Jašíka (1919-1961). Východisko do Javorníkov "
|
| 500 |
|
|
|a Názov prevzatý z obrazovej časti pohľadnice
|
| 520 |
8 |
|
|a Zobrazenie: Na striebornom podklade v bielom orámovaní pohľady na rôzne budovy, panelové domy, obec z diaľky a deti prechádzajúce cez cestu
|
| 600 |
1 |
7 |
|a Jašík, Rudolf,
|d 1919-1960
|2 SNKMA
|9 108040
|
| 650 |
0 |
7 |
|a rodisko
|2 SNKPH
|9 172657
|
| 650 |
0 |
7 |
|a panelové domy
|2 SNKPH
|9 71125
|
| 651 |
|
7 |
|a Turzovka (Slovensko)
|2 SNKPHgeo
|9 70170
|
| 655 |
|
7 |
|a miestne pohľadnice
|2 SNKPH
|9 70510
|
| 852 |
|
|
|a Slovenská národná knižnica
|
| 954 |
|
|
|a pohľadnice pôvodné (slovenské)
|2 lita
|
| 958 |
|
|
|a GBN
|
| 958 |
|
|
|a TL
|
| 958 |
|
|
|a GC
|
| 958 |
|
|
|a OND
|
| 958 |
|
|
|a EUIPO
|
| 999 |
|
|
|c 858366
|d 860296
|
| 952 |
|
|
|a SNK
|b SNK
|y PREZ
|7 0
|p 17A1287303
|o snkSP 145303
|i snk979/91
|0 0
|1 0
|4 0
|d 2019-05-15
|f 1
|l 0
|r 2026-02-24 05:03:33
|w 2026-02-24
|
| 952 |
|
|
|a SNK
|b SNK
|y PREZ
|7 0
|p 17A1287302
|o snkSP 145303 D1
|i snk980/91
|0 0
|1 0
|4 0
|d 2019-05-15
|l 0
|r 2026-02-24 05:03:33
|w 2026-02-24
|